| 000 | 00561nam a22001817a 4500 | ||
|---|---|---|---|
| 008 | 230511b |||||||| |||| 00| 0 eng d | ||
| 040 |
_aNational Science Library _cNational Science Library |
||
| 080 |
_a552.69(08) _bL3 |
||
| 100 |
_aTektites _98714 |
||
| 245 |
_aBenchmark papers in geology: _bA benchmark books series |
||
| 260 |
_aStroudsburg: _bDowden, Hutchingon & Ross, Inc., _c1973 |
||
| 300 | _axv, 445p. | ||
| 650 | _aGeology | ||
| 653 | _aScience | ||
| 700 | _aVirgil E (Ed.) | ||
| 700 | _aBarnes, Mildred A (Ed.) | ||
| 942 |
_2udc _cBK |
||
| 999 |
_c29084 _d29084 |
||